[Event "45th FIDE Chess Olympiad Open"]
[Site "Budapest, Hungary"]
[Date "2024.09.13"]
[Round "3.171"]
[White "Michel Yunis, Christian D."]
[Black "Egilstoft, Rogvi"]
[Result "1-0"]
[WhiteElo "2220"]
[BlackElo "2278"]
[PlyCount "65"]
[EventDate "2024.??.??"]
[WhiteTeam "Palestine"]
[BlackTeam "Faroe Islands"]
[WhiteTeamCountry "PLE"]
[BlackTeamCountry "FAI"]
[WhiteClock "0:22:40"]
[BlackClock "0:00:31"]

1. d4 d5 2. c4 e6 3. Nc3 a6 4. cxd5 exd5 5. Nf3 c6 6. Bg5 Be7 7. Bxe7 Qxe7 ({RR} 7... Nxe7 8. e3 O-O 9. Be2 Nd7 10. O-O Nf6 11. h3 Bf5 12. Nh4 Bg6 13. Nxg6 hxg6 14. Na4 Nf5 15. Nc5 Nd6 16. a4 Qe7 17. Qb3 a5 18. g3 g5 19. Kg2 g6 20. Rh1 Kg7 21. Bd3 Rh8 22. Rae1 {Caruana,F (2796)-Ratkovic,M (2489) chess.com INT 2024 1-0 (55)}) 8. Qc2 ({RR} 8. e3 Nf6 9. Bd3 O-O 10. h3 Re8 11. O-O Nbd7 12. Qc2 g6 13. Rab1 a5 14. a3 Ne4 15. b4 axb4 16. axb4 Ra3 17. Bxe4 dxe4 18. Nd2 Nf6 19. b5 c5 20. Nb3 cxd4 21. Nxd4 Bd7 22. Rfc1 Rc8 {Cina',V (2191)-Tanaka,T (2232) chess.com INT 2024 0-1 (35)}) 8... g6 $146 ({RR} 8... Nf6 9. e3 O-O 10. Bd3 Nbd7 11. O-O Re8 12. Nd2 Nf8 13. Na4 Rb8 14. Nc5 Ng6 15. Rfe1 Nh5 16. Be2 Qg5 17. Nf3 Qh6 18. Nd3 Bf5 19. Qd1 Nf6 20. Nfe5 Ne4 21. Bg4 Nxe5 22. Nxe5 Rxe5 23. dxe5 {Andreescu,D (2299)-Georgescu,T (2457) Baile Govora 2017 0-1 (58)}) ({RR} 8... Nf6 9. e3 Bg4 10. Ne5 Nbd7 11. Nxd7 Bxd7 12. Be2 O-O 13. O-O h5 14. Bd3 Rae8 15. Rae1 h4 16. f3 c5 17. Qf2 h3 18. g4 cxd4 19. exd4 Qd6 20. Rxe8 Rxe8 21. g5 Nh5 22. f4 Bg4 23. f5 {Lammens,T (2304)-Van Foreest,J (2600) Vlissingen 2017 0-1 (44)}) ({RR} 8... Nf6 9. e3 O-O 10. Bd3 Nbd7 11. g4 g6 12. g5 Nh5 13. O-O-O b5 14. Ne2 c5 15. Ng3 Ng7 16. h4 Bb7 17. Qe2 c4 18. Bc2 Rfc8 19. h5 b4 20. hxg6 fxg6 21. Kb1 a5 22. Qf1 Ne6 23. Qh3 {Coppola,C (2302)-Lopez Azambuja,N (2280) Montevideo URU 2022 1-0 (45)}) 9. Nxd5 Qd6 10. Nc3 Nf6 11. e4 Bg4 12. e5 Qe7 13. Be2 Nd5 14. h3 Be6 15. Qd2 Nd7 16. O-O O-O 17. Rfe1 Nxc3 18. bxc3 b5 19. Bd3 Bd5 20. Be4 Rfd8 21. Bxd5 cxd5 22. Nh2 Kg7 23. f4 f5 24. exf6+ Qxf6 25. Ng4 Qf7 26. Ne5 Nxe5 27. Rxe5 Re8 28. Rf1 Rad8 29. f5 Rxe5 30. dxe5 Kh8 31. f6 Re8 32. Qd4 Rf8 33. e6 1-0

[Event "45th FIDE Chess Olympiad Open"]
[Site "Budapest, Hungary"]
[Date "2024.09.13"]
[Round "3.172"]
[White "Rodgaard, John"]
[Black "Abdel Wahab, Ahmad"]
[Result "1/2-1/2"]
[WhiteElo "2273"]
[BlackElo "1995"]
[PlyCount "61"]
[EventDate "2024.??.??"]
[WhiteTeam "Faroe Islands"]
[BlackTeam "Palestine"]
[WhiteTeamCountry "FAI"]
[BlackTeamCountry "PLE"]
[WhiteClock "0:03:34"]
[BlackClock "0:13:43"]

1. c4 e6 2. g3 d5 3. Bg2 Nf6 4. Nf3 Be7 5. O-O O-O 6. d4 dxc4 7. Qc2 c6 8. Qxc4 b5 9. Qb3 Nbd7 10. Bg5 Bb7 11. Nc3 ({RR} 11. Nbd2 Qb6 12. Rac1 c5 13. dxc5 Nxc5 14. Qe3 Nd5 15. Qd4 f6 16. Be3 e5 17. Nxe5 Nxe3 18. Bxb7 Qxb7 19. Qxe3 fxe5 20. Rxc5 Bxc5 21. Qxc5 Rad8 22. Nf3 e4 23. Ng5 Qd5 24. Qxd5+ Rxd5 25. Nxe4 Rc8 {Garcia Guerrero,I (2299)-Ruperez Benito,A (2333) chess.com INT 2024 0-1 (41)}) 11... a6 12. Rfd1 Qb6 $146 ({RR} 12... h6 13. Bxf6 Nxf6 14. Rac1 Qb6 15. Na4 Qc7 16. Nc5 Bxc5 17. dxc5 Rfd8 18. Qc3 a5 19. a3 b4 20. axb4 Nd5 21. Qb3 a4 22. Qa3 Ba6 23. Nd4 Rdb8 24. Bxd5 exd5 25. e3 Bc8 26. b5 cxb5 27. b4 {Tica,S (2402)-Ambartsumova,K (2371) Chess.com INT 2020 1-0 (35)}) ({RR} 12... c5 13. dxc5 Qe8 14. Bxf6 Nxc5 15. Qb4 gxf6 16. Qf4 Kh8 17. b4 Na4 18. Nxa4 bxa4 19. a3 Rc8 20. Qe3 Bd5 21. Rxd5 exd5 22. Bh3 Rd8 23. Bf5 Rg8 24. Rd1 Bd6 25. Qh6 Rg7 26. Rd4 Qxe2 27. Bxh7 {Matlakov,M (2674)-Murzin,V (2633) St Petersburg RUS 2023 1-0}) 13. Ne5 Rad8 14. e3 c5 15. Nxd7 Rxd7 16. dxc5 Bxc5 17. Bxf6 Rxd1+ 18. Qxd1 gxf6 19. Qg4+ Kh8 20. Bxb7 Qxb7 21. Rd1 Be7 22. Ne2 Rd8 23. Rxd8+ Bxd8 24. Qd4 Be7 25. Qd3 Qc7 26. b3 Kg8 27. Qd2 f5 28. Nf4 Bf6 29. Nh5 Qd8 30. Qc2 Be5 31. Nf4 1/2-1/2

[Event "45th FIDE Chess Olympiad Open"]
[Site "Budapest, Hungary"]
[Date "2024.09.13"]
[Round "3.173"]
[White "Mesfin, Leykun"]
[Black "Ashiku, Franc"]
[Result "0-1"]
[WhiteElo "2118"]
[BlackElo "2400"]
[PlyCount "74"]
[EventDate "2024.??.??"]
[WhiteTeam "Ethiopia"]
[BlackTeam "Albania"]
[WhiteTeamCountry "ETH"]
[BlackTeamCountry "ALB"]
[WhiteClock "0:01:02"]
[BlackClock "0:03:00"]

1. e4 {Golod,Vitali} c5 2. Nf3 e6 3. Nc3 Nc6 4. d4 cxd4 5. Nxd4 Nf6 6. Nxc6 bxc6 7. e5 Nd5 8. Ne4 Bb7 9. c4 Nb4 10. Bg5 ({RR} 10. c5 Ba6 11. Bxa6 Nxa6 12. Qd4 ({RR} 12. O-O) 12... Be7 ({RR} 12... Rb8 13. Bd2 Be7 14. Rd1 ({RR} 14. Bc3 O-O 15. O-O Nc7 16. Ba5 Qc8 17. Nf6+ Bxf6 18. exf6 gxf6 19. Bxc7 Qxc7 20. Qxf6 Qd8) 14... O-O 15. Bc3 Rb7 16. O-O f5 17. exf6 Bxf6 18. Nxf6+ gxf6 19. Rd3) ({RR} 12... Qa5+ 13. Bd2 Qb5 14. b4 Be7 15. a4 ({RR} 15. a3) 15... Qb7 16. O-O O-O 17. Rab1) ({RR} 12... Nxc5 13. Nxc5 Qa5+ 14. b4) 13. O-O O-O ({RR} 13... Rb8 14. Bd2 O-O 15. Rad1 Nc7 16. Ba5 Qc8 17. Nf6+ Bxf6 18. exf6 Nd5 19. fxg7 Re8 20. Rd3 f6 21. Qh4 Re7 22. Bc3 e5 23. f4 exf4 24. Bxf6 Nxf6 25. Qxf6 Rf7 26. Qd4) 14. Rd1 f5 ({RR} 14... Rb8 15. a3 ({RR} 15. Qxd7 Nxc5 16. Nxc5 Bxc5) 15... f5 16. exf6 Bxf6 17. Qd3 ({RR} 17. Qxd7 Qxd7 18. Rxd7 Rfd8 19. Nxf6+ gxf6 20. Rxd8+ Rxd8 21. Be3) 17... Nc7 18. Qxd7 Be5 19. g3) 15. exf6 Bxf6 16. Qxd7 ({RR} 16. Qd3 Nb4 17. Qxd7 Qxd7 18. Rxd7 Rad8) 16... Qxd7 17. Rxd7 Rfd8 18. Nxf6+ ({RR} 18. Rxd8+ Rxd8 19. Nxf6+ gxf6 20. Be3 Nb4) ({RR} 18. Rd6 Nxc5) 18... gxf6 19. Rd6 ({RR} 19. Rxd8+) 19... Nxc5 20. Rxd8+ Rxd8 21. Be3 Na4 22. Rc1 ({RR} 22. b3 Nc3 23. Kf1 a6) 22... Nxb2 23. Kf1 Nd3 ({RR} 23... Rd6 24. Bxa7 Nd3 25. Rc4 e5 26. Bb8 Re6 27. a4) 24. Rxc6 Nb4 {Svidler,P (2725)-Malakhov,V (2670) Sochi 2005 EXT 2020 [Golod,Vitali] ½-½ (87)}) ({RR} 10. c5 Qb8 11. f4 Ba6 12. Be2 Bxe2 13. Qxe2 Be7 14. O-O O-O 15. a3 Nd5 16. b4 a5 17. Bd2 f6 18. Nd6 Bxd6 19. exd6 Qa7 20. f5 exf5 21. Rab1 Rae8 22. Qd3 axb4 23. axb4 g6 24. Rfc1 Re5 {Kairbekova,A (2247)-Nguyen Hong Nhung (2077) chess.com INT 2024 0-1 (32)}) 10... Qc7 11. f4 c5 12. Nd6+ $146 ({RR} 12. Bd3 Nxd3+ 13. Qxd3 Qc6 14. O-O-O Be7 15. Bxe7 Kxe7 16. Nxc5 Rhd8 17. Qd6+ Ke8 18. Rd2 Qxd6 19. Rxd6 Bc6 20. b4 a5 21. b5 Bxg2 22. Rg1 Rac8 23. Rxg2 Rxc5 24. Rd4 Rdc8 25. Rxg7 Rxc4+ 26. Rxc4 Rxc4+ {Gonzalez de la Torre,S (2446)-Astasio Lopez,D (2376) Zornotza 2013 1-0 (41)}) ({RR} 12. Nc3 Nc6 13. Bd3 Nxe5 14. O-O Nxd3 15. Qxd3 Qc6 16. Rf2 f6 17. Bh4 Be7 18. f5 O-O 19. Re1 Bd6 20. Bg3 Bxg3 21. Qxg3 Kh8 22. h3 Rae8 23. Re4 exf5 24. Rh4 Kg8 25. Rxf5 Re3 26. Qf2 Re1+ {McCoy,O (2085)-Chigaev,M (2632) chess.com INT 2023 0-1 (84)}) 12... Bxd6 13. exd6 Qc6 14. Qd2 f6 15. Bh4 Qe4+ 16. Kd1 Qg6 17. a3 Qg4+ 18. Be2 Qxh4 19. axb4 cxb4 20. Ra5 O-O 21. Qe3 f5 22. Bf3 Bxf3+ 23. Qxf3 Rac8 24. Rxa7 Rxc4 25. Rxd7 Rxf4 26. g3 Rd4+ 27. Kc1 Qg5+ 28. Kb1 Rd8 29. Qc6 h6 30. Re1 b3 31. Qc7 Ra8 32. h4 Qg4 33. Qc1 Ra1+ 34. Kxa1 Ra4+ 35. Kb1 Ra1+ 36. Kxa1 Qa4+ 37. Kb1 Qa2# 0-1

[Event "45th FIDE Chess Olympiad Open"]
[Site "Budapest, Hungary"]
[Date "2024.09.13"]
[Round "3.174"]
[White "Pasko, Llambi"]
[Black "Birhanu, Tegegn Mehadem"]
[Result "1-0"]
[WhiteElo "2396"]
[BlackElo "2077"]
[PlyCount "71"]
[EventDate "2024.??.??"]
[WhiteTeam "Albania"]
[BlackTeam "Ethiopia"]
[WhiteTeamCountry "ALB"]
[BlackTeamCountry "ETH"]
[WhiteClock "0:40:24"]
[BlackClock "0:03:19"]

1. d4 d5 2. c4 e6 3. Nf3 Nf6 4. Nc3 Bb4 5. Qb3 Nc6 6. Bg5 O-O ({RR} 6... a5 7. a3 a4 8. Qc2 Bxc3+ 9. bxc3 Na5 10. Qxa4+ Bd7 11. Qb4 Nxc4 12. e3 Ra4 13. Qxb7 Nxa3 14. Rc1 Qa8 15. Qxa8+ Rxa8 16. Nd2 O-O 17. c4 dxc4 18. Nxc4 Nxc4 19. Bxc4 Rfc8 20. Bd3 c5 21. dxc5 {Shimanov,A (2642)-Nyzhnyk,I (2610) Saint Louis 2017 ½-½}) 7. e3 a5 ({RR} 7... dxc4 8. Bxc4 h6 9. Bxf6 Qxf6 10. O-O Bxc3 11. Qxc3 Bd7 12. Rac1 Rac8 13. b4 a6 14. a4 Rfe8 15. b5 axb5 16. axb5 Nb8 17. Ne5 c5 18. bxc6 Bxc6 19. Qb2 Red8 20. Be2 Bd5 21. Rxc8 Rxc8 22. Rc1 {Girsh,D (2201)-Karamsetty,J (2245) chess.com INT 2024 0-1 (40)}) 8. a3 $146 ({RR} 8. Bd3 h6 9. Bxf6 Qxf6 10. O-O dxc4 11. Qxc4 Bd6 12. Rac1 Nb4 13. Be4 c6 14. Bb1 b6 15. Rfe1 Ba6 16. Qb3 Qe7 17. Na4 b5 18. Nc5 Nd5 19. a3 Rfe8 20. Qc2 g6 21. e4 Nf4 22. Nxa6 Rxa6 {Duzhakov,I (2411)-Feduk,V (2150) St Petersburg 2016 1-0 (41)}) 8... Bxc3+ 9. Qxc3 h6 10. Bxf6 Qxf6 11. Bd3 Bd7 12. O-O Rfe8 13. e4 dxe4 14. Bxe4 Qf4 15. Rfe1 Rad8 16. g3 Qf6 17. Rad1 b6 18. Bc2 Bc8 19. Ba4 Bd7 20. Bc2 Bc8 21. Be4 Bd7 22. b4 axb4 23. axb4 Qe7 24. Rb1 Qf6 25. b5 Ne7 26. Ne5 Nf5 27. Rbd1 Bc8 28. f4 Nd6 29. Bc6 Re7 30. Rd2 Qf5 31. c5 Ne8 32. Be4 Qf6 33. Ng4 Red7 34. Nxf6+ Nxf6 35. Bc6 Re7 36. d5 1-0

[Event "45th FIDE Chess Olympiad Open"]
[Site "Budapest, Hungary"]
[Date "2024.09.13"]
[Round "3.175"]
[White "Tsige, Addisalem Temesgen"]
[Black "Veleshnja, Zino"]
[Result "0-1"]
[WhiteElo "2068"]
[BlackElo "2294"]
[PlyCount "116"]
[EventDate "2024.??.??"]
[WhiteTeam "Ethiopia"]
[BlackTeam "Albania"]
[WhiteTeamCountry "ETH"]
[BlackTeamCountry "ALB"]
[WhiteClock "0:29:42"]
[BlackClock "0:41:20"]

1. d4 Nf6 2. Bf4 c6 3. c3 Qb6 4. Qb3 d6 5. Nd2 Be6 6. Qc2 g6 7. Ngf3 $146 ({RR} 7. e4 Bg7 8. Ngf3 O-O 9. Bd3 Bg4 10. h3 Bxf3 11. Nxf3 Nbd7 12. O-O Rfe8 13. Be3 Qc7 14. Rad1 Nh5 15. Rfe1 a5 16. Qd2 e5 17. Bh6 Bxh6 18. Qxh6 f6 19. Bc4+ Kh8 20. dxe5 Nxe5 21. Nxe5 dxe5 {Bazzano,S (2288)-Martinez Reyes,P (2339) chess.com INT 2023 0-1 (42)}) ({RR} 7. e4 d5 8. Bd3 Bg7 9. Ngf3 dxe4 10. Nxe4 Nxe4 11. Bxe4 Nd7 12. O-O Nf6 13. Bd3 O-O 14. Rfe1 Rae8 15. h3 c5 16. Qd2 cxd4 17. Nxd4 Bd7 18. Nf3 Rd8 19. Qc2 Rfe8 {½-½ (19) Simonova,S (1778)-Lukac,R (2056) Slovakia 2022}) 7... Nh5 8. Bg5 h6 9. Bh4 g5 10. Bg3 f5 11. e3 Bg7 12. Bc4 Bxc4 13. Nxc4 Qa6 14. Qxf5 Qxc4 15. Nd2 Qd5 16. Qc8+ Kf7 17. Qxb7 Nd7 18. Qxd7 Nf6 19. Qh3 h5 20. f3 Bh6 21. e4 Qb5 22. Qf5 Qxb2 23. Rb1 Qxc3 24. e5 Qe3+ 25. Kd1 g4 26. f4 dxe5 27. Qxe5 Qxe5 28. dxe5 Nd5 29. Kc2 h4 30. Bxh4 Bxf4 31. g3 Bxe5 32. Nc4 Bf6 33. Bxf6 exf6 34. Rb7+ Kg6 35. Kd3 a5 36. Kd4 Nb4 37. a3 c5+ 38. Kxc5 Rac8+ 39. Kb5 Rh5+ 40. Ka4 Nd3 41. Rb5 Rxc4+ 42. Kxa5 Rh8 43. Rd5 Rc3 44. a4 Rb3 45. Rb5 Ra3 46. Rd5 Ra8+ 47. Kb5 Rb8+ 48. Ka5 Rb4 49. Rb5 Raxa4+ 50. Kb6 Rxb5+ 51. Kxb5 Ra2 52. Kc4 Ne5+ 53. Kd5 Rg2 54. Ke4 Nf3 55. h3 Ng5+ 56. Kf4 gxh3 57. Kg4 h2 58. Kh4 Rg1 0-1

[Event "45th FIDE Chess Olympiad Open"]
[Site "Budapest, Hungary"]
[Date "2024.09.13"]
[Round "3.176"]
[White "Xhembulla, Aleksander"]
[Black "Shiferaw, Yalemzewde Mekonnen"]
[Result "1-0"]
[WhiteElo "2169"]
[BlackElo "2025"]
[PlyCount "91"]
[EventDate "2024.??.??"]
[WhiteTeam "Albania"]
[BlackTeam "Ethiopia"]
[WhiteTeamCountry "ALB"]
[BlackTeamCountry "ETH"]
[WhiteClock "0:30:01"]
[BlackClock "0:33:40"]

1. e4 c6 2. Nc3 d5 3. Nf3 Nf6 4. e5 Ne4 5. Ne2 Bg4 6. Nfg1 Bxe2 7. Bxe2 ({RR} 7. Nxe2 e6 8. d4 f6 9. Nf4 Qe7 10. Qh5+ Qf7 11. f3 g6 12. Nxg6 Qxg6 13. Qxg6+ hxg6 14. fxe4 dxe4 15. exf6 Nd7 16. Bg5 Bh6 17. Bxh6 Rxh6 18. Bc4 Kf7 19. O-O Nxf6 20. Rf4 Ke7 21. Raf1 g5 {Wyss,J (2275)-Koksal,E (2316) chess.com INT 2024 0-1 (32)}) 7... Nc5 8. d4 Ne6 9. f4 $146 ({RR} 9. Nf3 Qa5+ 10. c3 Nd7 11. O-O g6 12. Nh4 Ng7 13. b4 Qc7 14. c4 dxc4 15. e6 Nxe6 16. Bxc4 Qd6 17. Bb2 Nf6 18. d5 Nc7 19. Qf3 Bh6 20. Bxf6 Qxf6 21. Qxf6 exf6 22. Rfe1+ Kf8 23. d6 Ne8 {Hubert,C (1897)-Muslumzada,R (1508) Kiel GER 2023 1-0 (49)}) 9... Qb6 10. c3 Nc7 11. f5 Nd7 12. Nf3 e6 13. fxe6 Nxe6 14. O-O Be7 15. Bd3 g6 16. Bh6 c5 17. Kh1 O-O-O 18. a3 c4 19. Bc2 Kb8 20. Qd2 Bf8 21. Be3 h6 22. Rab1 Rc8 23. b3 Qa6 24. b4 Bg7 25. a4 Qb6 26. Rf2 Rcf8 27. Rbf1 Nd8 28. Bf4 Ne6 29. Bg3 Qd8 30. Ng1 Qe7 31. Ne2 g5 32. h3 h5 33. Bh2 h4 34. Bf5 Ka8 35. Ng1 Bh6 36. Qe2 Nf4 37. Qf3 f6 38. e6 Nb6 39. a5 Na4 40. Bxf4 gxf4 41. Ra1 b5 42. Qxd5+ Qb7 43. Qf3 Qxf3 44. Rxf3 Rhg8 45. Re1 Rg7 46. d5 1-0

[Event "45th FIDE Chess Olympiad Open"]
[Site "Budapest, Hungary"]
[Date "2024.09.13"]
[Round "3.177"]
[White "Greet, Andrew N"]
[Black "Almedina Ortiz, Edgardo J."]
[Result "1-0"]
[WhiteElo "2405"]
[BlackElo "2196"]
[PlyCount "67"]
[EventDate "2024.??.??"]
[WhiteTeam "Scotland"]
[BlackTeam "Puerto Rico"]
[WhiteTeamCountry "SCO"]
[BlackTeamCountry "PUR"]
[WhiteClock "0:13:22"]
[BlackClock "0:22:55"]

1. c4 {Avrukh,Boris} Nf6 2. Nf3 d6 3. d4 g6 4. Nc3 Bg7 5. e4 O-O 6. Be2 Bg4 7. Be3 Nfd7 8. h3 ({RR} 8. Rc1) 8... Bxf3 9. Bxf3 Nc6 ({RR} 9... c5 10. d5 Bxc3+ ({RR} 10... Qa5 11. Bd2 a6 12. O-O Qb4 13. Be2 b5 14. a3 Qa5 15. cxb5 axb5 16. Nxb5 Qb6 17. Qc2 Na6 18. Rab1 Rfc8 19. b3) ({RR} 10... Nb6 11. Be2 e6) 11. bxc3 Qa5 ({RR} 11... Na6) 12. Qb3 Na6 13. O-O Rfb8 ({RR} 13... Rab8 14. Be2) 14. Be2 Qd8 15. f4 Qf8 16. Qb5 Qe8 ({RR} 16... Nb6 17. Rae1 ({RR} 17. e5 Qg7 18. a4 Nc7 19. Qb1 Nd7 20. Bg4 f5 21. exf6 exf6) 17... Qg7 18. Qb3) 17. Qb1 Nc7 18. Qe1 e6 19. Bf3 e5 ({RR} 19... Nb6 20. Qe2 Qa4 21. dxe6 Nxe6 ({RR} 21... fxe6 22. e5) 22. f5 Nf8 23. e5 Qxc4 ({RR} 23... dxe5 24. Bxc5 Qxc4 25. Qxc4 Nxc4 26. Bd5) 24. exd6) 20. f5 Qe7 ({RR} 20... gxf5 21. exf5 Kh8 22. f6 e4 23. Bh6 Nxf6 24. Bg5 Qe5 25. Qh4 Nce8 26. Be2) 21. Bg4 Ne8 22. Rf3 Kg7 ({RR} 22... h5 23. fxg6 fxg6 24. Be6+) 23. f6+ Ndxf6 24. Qh4 {Beliavsky,A (2667)-Ginsburg,G (2483) Germany 2004 CBM 100 [Avrukh,Boris] 1-0} {RR} Ng8 25. Bh6+ Kh8 26. Qxe7 Nxe7 27. Rxf7 Ng8 28. Bf8 Ngf6 29. Be6 Nxe4 30. Bh6) 10. h4 ({RR} 10. d5 Na5 11. Be2 Bxc3+ 12. bxc3 e5 13. dxe6 fxe6 14. h4 b6 15. f4 Qf6 16. Qd4 Nc6 17. Qxf6 Nxf6 18. Bf3 e5 19. f5 gxf5 20. exf5 e4 21. Be2 h5 22. Bd4 Ng4 23. Bxg4 hxg4 24. O-O Rae8 {Yagupov,I (2232)-Silva,O chess.com INT 2024 0-1 (50)}) 10... e5 11. d5 Nd4 12. h5 $146 ({RR} 12. Ne2 Re8 13. h5 c5 14. dxc6 bxc6 15. Nxd4 exd4 16. Bxd4 Nf6 17. hxg6 hxg6 18. O-O Nxe4 {½-½ (18) Bury,R (2187)-Hausner,I (2451) Brezova pod Bradlom 2010}) 12... c5 13. hxg6 hxg6 14. Qd2 Qe7 15. O-O-O a6 16. Rh3 f6 17. Bh6 g5 18. Rdh1 Rfb8 19. Bg4 Nf8 20. Bxg7 Qxg7 21. Be6+ Nfxe6 22. dxe6 Re8 23. Nd5 Rxe6 24. Nc7 Ree8 25. Qd1 g4 26. Rh4 f5 27. Rh8+ Qxh8 28. Rxh8+ Kxh8 29. exf5 Rg8 30. Nxa8 Rxa8 31. Qxg4 Rf8 32. Qh5+ Kg7 33. Qg6+ Kh8 34. f6 1-0

[Event "45th FIDE Chess Olympiad Open"]
[Site "Budapest, Hungary"]
[Date "2024.09.13"]
[Round "3.178"]
[White "Rodriguez Santiago, Jaime"]
[Black "Waldhausen Gordon, Frederick"]
[Result "0-1"]
[WhiteElo "2002"]
[BlackElo "2351"]
[PlyCount "138"]
[EventDate "2024.??.??"]
[WhiteTeam "Puerto Rico"]
[BlackTeam "Scotland"]
[WhiteTeamCountry "PUR"]
[BlackTeamCountry "SCO"]
[WhiteClock "0:11:00"]
[BlackClock "0:39:56"]

1. c4 c5 2. Nc3 Nc6 3. g3 g6 4. Bg2 Bg7 5. e4 a6 6. Nge2 b5 7. cxb5 axb5 8. Nxb5 Ba6 9. Nec3 Bxc3 10. Nxc3 Nb4 11. Bf1 Bd3 12. Bxd3 Nxd3+ 13. Kf1 Qc8 $146 ({RR} 13... Nf6 14. Qe2 c4 15. e5 Nh5 16. b3 Ra5 17. bxc4 Nxe5 18. Nd5 Nc6 19. Bb2 O-O 20. Bc3 Ra6 21. Kg2 e6 22. Nb4 Nxb4 23. Bxb4 Qg5 24. Qe3 Qxe3 25. fxe3 Rfa8 26. a3 d6 27. Rhf1 f5 28. d3 {Svanda,O (2268)-Zwardon,V (2471) Czech Republic 2020 ½-½ (44)}) 14. Kg2 c4 15. Qe2 f5 16. b3 Nf6 17. f3 fxe4 18. Nxe4 O-O 19. Rf1 Qa6 20. bxc4 Qxc4 21. Nxf6+ Rxf6 22. Qe4 d5 23. Qxe7 Rf7 24. Qe6 Ra6 25. Qe8+ Rf8 26. Qe7 d4 27. Ba3 Rf7 28. Qd8+ Kg7 29. Bd6 Qc2 30. Be5+ Nxe5 31. Qxd4 Re6 32. Rae1 Rd7 33. Qxd7+ Nxd7 34. Rxe6 Qxd2+ 35. Rf2 Qb4 36. Rfe2 Nf6 37. Re7+ Kh6 38. R7e5 Qd4 39. h3 Nd5 40. R5e4 Qd3 41. a4 Kg7 42. Re1 h5 43. h4 Kh6 44. Kf2 Nc3 45. Re8 Qd4+ 46. Kg2 Nxa4 47. R8e4 Qb2+ 48. R1e2 Qb3 49. R4e3 Nc3 50. Rd2 Qb4 51. Red3 Nb1 52. Re2 Qc4 53. Rde3 Nc3 54. Rc2 Nd5 55. Rce2 Nxe3+ 56. Rxe3 Qc2+ 57. Kg1 Qc1+ 58. Kf2 Qh1 59. f4 Qh2+ 60. Kf3 Qg1 61. Re2 Kg7 62. Rg2 Qh1 63. Kf2 Kf6 64. Rg1 Qc6 65. Rg2 Kf5 66. Kg1 Kg4 67. Kh2 Qf3 68. Rg1 Qf2+ 69. Rg2 Qf1 0-1

[Event "45th FIDE Chess Olympiad Open"]
[Site "Budapest, Hungary"]
[Date "2024.09.13"]
[Round "3.179"]
[White "Abdulla, Murad"]
[Black "Boggiano Pereira, Miguel A."]
[Result "1-0"]
[WhiteElo "2312"]
[BlackElo "2015"]
[PlyCount "55"]
[EventDate "2024.??.??"]
[WhiteTeam "Scotland"]
[BlackTeam "Puerto Rico"]
[WhiteTeamCountry "SCO"]
[BlackTeamCountry "PUR"]
[WhiteClock "0:14:53"]
[BlackClock "0:09:20"]

1. e4 c5 2. Nc3 d6 3. f4 g6 4. Nf3 Bg7 5. Bb5+ Bd7 6. Bc4 Nc6 7. O-O e6 8. f5 ({RR} 8. d3 Nge7 9. Be3 O-O 10. Bf2 Na5 11. Bb3 b5 12. e5 Bc6 13. Qe1 c4 14. dxc4 bxc4 15. Ba4 Bxf3 16. gxf3 d5 17. Rd1 Nb7 18. b3 Qc8 19. Nb5 a6 20. Na7 Rxa7 21. Bxa7 Nc5 22. Qb4 Nxa4 {Fedoseev,V (2668)-Areshchenko,A (2701) Martuni 2014 1-0 (41)}) 8... gxf5 9. exf5 ({RR} 9. d3 Nd4 10. Bf4 Bc6 11. Nxd4 cxd4 12. Nb5 e5 13. Qh5 d5 14. exd5 Bxb5 15. Bxb5+ Kf8 16. Bg5 Qc8 17. d6 Qe6 18. Qf3 Rb8 19. Bc4 Qg6 20. Qxf5 Qxf5 21. Rxf5 f6 22. Raf1 Rd8 23. Rxe5 Rxd6 {Demchenko,A (2609)-Lashkin,J (2451) chess.com INT 2024 1-0}) 9... Nf6 $146 ({RR} 9... d5 10. fxe6 Bxe6 11. Bb5 Qd7 12. Na4 Bf8 13. d4 O-O-O 14. Ne5 Qc7 15. Nxc6 bxc6 16. Ba6+ Kd7 17. Nxc5+ Bxc5 18. dxc5 Qa5 19. Qd4 Ne7 20. Bd3 Rhg8 21. b4 Qa4 22. c3 Rg4 23. Bf4 Rdg8 24. Rf2 {Karatas,K (1743)-Uysal,B (2053) Manavgat 2015 1-0}) 10. Ng5 d5 11. fxe6 Bxe6 12. Be2 Qd7 13. Nxe6 fxe6 14. Bh5+ Kd8 15. d3 Nd4 16. Bg5 Rf8 17. Qd2 Kc8 18. Bf3 Nxf3+ 19. Rxf3 d4 20. Bxf6 dxc3 21. Qxc3 Rxf6 22. Rxf6 Bxf6 23. Qxf6 Kc7 24. Rf1 Re8 25. Qe5+ Kc6 26. Qe4+ Qd5 27. Qa4+ b5 28. Qa6+ 1-0

[Event "45th FIDE Chess Olympiad Open"]
[Site "Budapest, Hungary"]
[Date "2024.09.13"]
[Round "3.180"]
[White "Mejias Nunez, Rafael E."]
[Black "Gourlay, Iain"]
[Result "0-1"]
[WhiteElo "2026"]
[BlackElo "2296"]
[PlyCount "60"]
[EventDate "2024.??.??"]
[WhiteTeam "Puerto Rico"]
[BlackTeam "Scotland"]
[WhiteTeamCountry "PUR"]
[BlackTeamCountry "SCO"]
[WhiteClock "0:01:51"]
[BlackClock "0:17:36"]

1. e4 c5 2. Nf3 Nc6 3. d4 cxd4 4. Nxd4 e5 5. Nb5 d6 6. N1c3 a6 7. Na3 Be7 8. Be2 b5 9. Nd5 Nf6 10. Be3 ({RR} 10. Nxf6+ Bxf6 11. O-O O-O 12. c3 Bb7 13. Nc2 Ne7 14. Bf3 d5 15. exd5 Nxd5 16. Nb4 Nxb4 17. Bxb7 Qxd1 18. Rxd1 Rad8 19. Bg5 Bxg5 20. cxb4 Rd2 21. Rxd2 Bxd2 22. Bxa6 Bxb4 23. Bxb5 Rd8 24. a3 Bc5 {Grossmann,P (2003)-Gerlach,F (2161) Ostfildern GER 2024 1-0}) 10... Rb8 11. f3 O-O $146 ({RR} 11... Be6 12. c3 O-O 13. O-O Rb7 14. Nc2 Nb8 15. Qd3 g6 16. Ncb4 Nxd5 17. Nxd5 Bxd5 18. Qxd5 Qd7 19. Rad1 Qc6 20. Qxc6 Nxc6 21. Rd2 Rfb8 22. Bd1 Na5 23. Bb3 Nc4 24. Bxc4 bxc4 25. Rff2 Kg7 26. Kf1 {Japparbekova,M (1376)-Altynbek,A (1406) Ak Bulak 2022 1-0 (72)}) 12. O-O Nxd5 13. Qxd5 Nd4 14. Bxd4 exd4 15. Qxd4 Bf6 16. Qe3 Bxb2 17. Rab1 Qf6 18. Rfd1 Be6 19. c4 bxc4 20. Nc2 d5 21. exd5 Bf5 22. Rxb2 Qxb2 23. Nd4 Rbe8 24. Qf2 c3 25. Bf1 Bg6 26. Nb3 Bc2 27. Rd4 Bxb3 28. axb3 c2 29. Rd2 Rc8 30. d6 Qb1 0-1

[Event "45th FIDE Chess Olympiad Open"]
[Site "Budapest, Hungary"]
[Date "2024.09.13"]
[Round "3.181"]
[White "Oatlhotse, Providence"]
[Black "Tran, Thanh Tu"]
[Result "0-1"]
[WhiteElo "2239"]
[BlackElo "2387"]
[PlyCount "146"]
[EventDate "2024.??.??"]
[WhiteTeam "Botswana"]
[BlackTeam "Japan"]
[WhiteTeamCountry "BOT"]
[BlackTeamCountry "JPN"]
[WhiteClock "0:00:33"]
[BlackClock "0:01:56"]

1. d4 Nf6 2. c4 e6 3. Nf3 d5 4. g3 dxc4 5. Bg2 c5 6. O-O Nc6 7. Ne5 Bd7 8. Nxc4 cxd4 9. Bf4 Be7 10. Nd6+ Kf8 11. Nxb7 Qb6 12. Nd6 Qc5 13. Nd2 e5 14. N6e4 Nxe4 15. Nxe4 Qb6 16. Bg5 $146 ({RR} 16. Bd2 f5 17. Ng5 h6 18. Nf3 Rd8 19. e3 Be6 20. Re1 dxe3 21. fxe3 e4 22. Nh4 Bxh4 23. gxh4 Qxb2 24. Re2 Rd7 25. Qe1 Kg8 26. Bc3 Qa3 27. Rc2 Kh7 28. h5 Rg8 29. Rac1 Qd6 30. Kh1 Ne5 {Weise,D-Krieger,H Menden 1974 ½-½ (52)}) ({RR} 16. Bd2 f5 17. Ng5 h6 18. Bxc6 Bxc6 19. Nf3 Bf6 20. Qc2 Bxf3 21. exf3 Qe6 22. g4 Rc8 23. Qxf5 Qxf5 24. gxf5 Kf7 25. Rac1 {½-½ (25) Romanishin,O (2419)-Santos,A (2194) Figueira da Foz 2021}) 16... f6 17. Bc1 Rd8 18. Nd2 Be6 19. b3 g5 20. Nc4 Qa6 21. Bd2 Kg7 22. Rc1 Nb4 23. Bxb4 Bxb4 24. Qd3 Qb5 25. f4 exf4 26. gxf4 h6 27. Qg3 Qb8 28. Be4 Bd5 29. Bxd5 Rxd5 30. Qf3 Qd8 31. Rcd1 Rd7 32. Rd3 Re8 33. Qh5 Rh8 34. Rdf3 d3 35. exd3 Rxd3 36. f5 Rxf3 37. Qxf3 Bc5+ 38. Kg2 Re8 39. Rd1 Qc7 40. Rd2 Re1 41. Rd1 Rxd1 42. Qxd1 Qf7 43. h3 h5 44. Qf3 Qe8 45. Kf1 Kh6 46. a3 Qd7 47. Ke2 Qd4 48. Qa8 g4 49. h4 Kg7 50. Qb7+ Kg8 51. Qc8+ Kf7 52. Qe6+ Kg7 53. b4 Bf8 54. Nd2 g3 55. Qe3 Qxh4 56. Qxa7+ Kg8 57. Qb7 Qh2+ 58. Kd3 g2 59. Qd5+ Kh8 60. Nf3 Qg3 61. Kc2 Bg7 62. Qf7 Qf2+ 63. Kb1 g1=Q+ 64. Nxg1 Qxg1+ 65. Kb2 Qf2+ 66. Kb3 Qxf5 67. a4 Qd3+ 68. Ka2 Qe2+ 69. Kb3 h4 70. Qd7 Qf3+ 71. Kc4 h3 72. b5 h2 73. Qc6 h1=Q 0-1